[Event "9th Amsterdam Science Park A 2019"]
[Site "Amsterdam"]
[Date "2019.07.10"]
[Round "5.8"]
[White "De Jong, Tom"]
[Black "Tirelli, Mauro"]
[Result "0-1"]
[WhiteElo "2176"]
[BlackElo "2247"]
[Annotator "NA"]
[PlyCount "90"]
[EventDate "2019.07.06"]
[EventType "swiss"]
[EventCountry "NED"]
[SourceTitle "playchess.com"]
[Source "ChessBase"]
[SourceQuality "1"]
[TimeControl "40/5400+30:1800+30"]

1. e4 {[%emt 0:00:00]} c5 {[%emt 0:18:11]} 2. Nf3 {[%emt 0:00:00]} Nc6 {[%emt 0:00:06]} 3. Bb5 {[%emt 0:00:08]} g6 {[%emt 0:00:06]} 4. Bxc6 {[%emt 0:00:41]} dxc6 {[%emt 0:00:06]} 5. d3 {[%emt 0:00:08]} Bg7 {[%emt 0:01:09]} 6. h3 {[%emt 0:00:07]} Nf6 {[%emt 0:01:24]} 7. Nc3 {[%emt 0:01:00]} Nd7 {[%emt 0:03:18]} 8. Be3 {[%emt 0:02:48]} e5 {[%emt 0:00:30]} 9. Qd2 {[%emt 0:00:49]} h6 {[%emt 0:00:23]} 10. O-O {[%emt 0:00:55]} Qe7 {[%emt 0:00:53]} 11. Nh2 {[%emt 0:01:53]} Nf8 {[%emt 0:02:31]} 12. f4 {[%emt 0:00:51]} exf4 {[%emt 0:00:06]} 13. Bxf4 {[%emt 0:02:17]} Be6 {[%emt 0:04:50]} 14. e5 {[%emt 0:08:48]} g5 {[%emt 0:12:20]} 15. Bg3 {[%emt 0:02:33]} Ng6 {[%emt 0:01:58]} 16. Rae1 {[%emt 0:03:06]} O-O-O {[%emt 0:11:42]} 17. Nf3 {[%emt 0:12:49]} Kb8 {[%emt 0:04:10]} 18. Ne4 {[%emt 0:05:22]} Ka8 {[%emt 0:00:07]} 19. a4 {[%emt 0:06:31]} g4 {[%emt 0:04:40]} 20. hxg4 {[%emt 0:00:30]} Bxg4 {[%emt 0:01:10]} 21. Nd6 {[%emt 0:13:49]} Rhf8 {[%emt 0:07:23]} 22. Nc4 {[%emt 0:02:59]} Rd5 {[%emt 0:05:24]} 23. Nh2 {[%emt 0:16:55]} Be6 {[%emt 0:00:50]} 24. a5 {[%emt 0:00:43]} h5 {[%emt 0:01:58]} 25. Nf3 {[%emt 0:02:32]} h4 {[%emt 0:00:40]} 26. Bh2 {[%emt 0:02:13]} h3 {[%emt 0:01:35]} 27. g3 {[%emt 0:04:25]} Rh8 {[%emt 0:05:01]} 28. Ra1 {[%emt 0:03:21]} Kb8 {[%emt 0:00:45]} 29. Kh1 {[%emt 0:02:51]} Rdd8 {[%emt 0:04:21]} 30. Qc3 {[%emt 0:01:09]} Bd5 {[%emt 0:00:22]} 31. Rae1 {[%emt 0:01:36]} Nf8 {[%emt 0:02:04]} 32. Kg1 {[%emt 0:00:48]} Ne6 {[%emt 0:00:05]} 33. g4 {[%emt 0:00:20]} Rhg8 {[%emt 0:00:28]} 34. Nb6 {[%emt 0:00:15]} Bh6 {[%emt 0:01:41]} 35. Nxd5 {[%emt 0:00:29]} Rxg4+ {[%emt 0:00:11]} 36. Kh1 {[%emt 0:00:07]} cxd5 {[%emt 0:00:50]} 37. a6 {[%emt 0:00:23]} b6 {[%emt 0:00:55]} 38. Rg1 {[%emt 0:00:21]} Rdg8 {[%emt 0:00:38]} 39. d4 {[%emt 0:01:05]} Rg2 {[%emt 0:03:09]} 40. dxc5 {[%emt 0:00:53]} Qxc5 {[%emt 0:00:25]} 41. Qd3 {[%emt 0:03:40]} R8g7 {[%emt 0:11:11]} 42. c3 {[%emt 0:00:39]} Bf4 {[%emt 0:06:58]} 43. Bxf4 {[%emt 0:02:03]} Nxf4 {[%emt 0:00:23]} 44. Qe3 {[%emt 0:07:04]} Nh5 {[%emt 0:03:16]} 45. Rxg2 {[%emt 0:02:53]} Rxg2 {[%emt 0:00:12]} 0-1

[Event "9th Amsterdam Science Park A 2019"]
[Site "Amsterdam"]
[Date "2019.07.10"]
[Round "5.9"]
[White "Elgersma, Onno"]
[Black "Van Baar, Esper"]
[Result "1-0"]
[WhiteElo "2232"]
[BlackElo "2108"]
[Annotator "NA"]
[PlyCount "63"]
[EventDate "2019.07.06"]
[EventType "swiss"]
[EventCountry "NED"]
[SourceTitle "playchess.com"]
[Source "ChessBase"]
[SourceQuality "1"]
[TimeControl "40/5400+30:1800+30"]

1. e4 {[%emt 0:00:00]} c5 {[%emt 0:00:00]} 2. Nf3 {[%emt 0:00:00]} d6 {[%emt 0:00:00]} 3. Bb5+ {[%emt 0:00:00]} Nd7 {[%emt 0:00:00]} 4. d4 {[%emt 0:00:21]} cxd4 {[%emt 0:01:10]} 5. Qxd4 {[%emt 0:00:02]} a6 {[%emt 0:03:30]} 6. Bxd7+ {[%emt 0:00:06]} Bxd7 {[%emt 0:00:03]} 7. Nc3 {[%emt 0:00:08]} e5 {[%emt 0:10:25]} 8. Qd3 {[%emt 0:05:05]} h6 {[%emt 0:04:28]} 9. Nd2 {[%emt 0:04:39]} Nf6 {[%emt 0:01:20]} 10. Nc4 {[%emt 0:00:56]} Be6 {[%emt 0:06:06]} 11. a4 {[%emt 0:09:42]} Rc8 {[%emt 0:01:23]} 12. Ne3 {[%emt 0:00:09]} Be7 {[%emt 0:06:54]} 13. O-O {[%emt 0:00:24]} O-O {[%emt 0:00:22]} 14. a5 {[%emt 0:01:53]} Qc7 {[%emt 0:01:34]} 15. Rd1 {[%emt 0:04:18]} Rfd8 {[%emt 0:02:17]} 16. Qe2 {[%emt 0:02:53]} Qc5 {[%emt 0:09:31]} 17. Qf3 {[%emt 0:02:02]} Re8 {[%emt 0:25:27]} 18. Bd2 {[%emt 0:07:42]} Bd8 {[%emt 0:01:08]} 19. Nf5 {[%emt 0:17:04]} Bxf5 {[%emt 0:00:26]} 20. Qxf5 {[%emt 0:00:06]} Bxa5 21. Ra3 {[%emt 0:22:28]} Bb4 {[%emt 0:10:43]} 22. Rb3 {[%emt 0:03:58]} Re6 {[%emt 0:01:11]} 23. h4 {[%emt 0:04:10]} a5 {[%emt 0:00:20]} 24. h5 {[%emt 0:05:32]} Rc6 {[%emt 0:01:36]} 25. Qf3 {[%emt 0:02:32]} Qc4 {[%emt 0:01:13]} 26. Nd5 {[%emt 0:02:16]} Bxd2 {[%emt 0:02:11]} 27. Rxd2 {[%emt 0:00:02]} Nxe4 {[%emt 0:00:27]} 28. Rxb7 {[%emt 0:00:29]} Ng5 {[%emt 0:02:48]} 29. Qf5 {[%emt 0:00:05]} Qa6 {[%emt 0:03:40]} 30. Rb8+ {[%emt 0:01:03]} Rc8 {[%emt 0:00:21]} 31. Rxc8+ {[%emt 0:02:12]} Qxc8 {[%emt 0:00:16]} 32. Ne7+ 1-0

[Event "9th Amsterdam Science Park A 2019"]
[Site "Amsterdam"]
[Date "2019.07.10"]
[Round "5.10"]
[White "Baarslag, Ed"]
[Black "Keuning, Selwin"]
[Result "1/2-1/2"]
[WhiteElo "2220"]
[BlackElo "2078"]
[Annotator "NA"]
[PlyCount "76"]
[EventDate "2019.07.06"]
[EventType "swiss"]
[EventCountry "NED"]
[SourceTitle "playchess.com"]
[Source "ChessBase"]
[SourceQuality "1"]
[TimeControl "40/5400+30:1800+30"]

1. d4 {[%emt 0:00:05]} Nf6 {[%emt 0:00:00]} 2. Nf3 {[%emt 0:00:21]} e6 {[%emt 0:00:00]} 3. Bf4 {[%emt 0:00:40]} c5 {[%emt 0:00:00]} 4. e3 {[%emt 0:00:15]} Nc6 {[%emt 0:00:12]} 5. Nbd2 {[%emt 0:00:48]} d5 {[%emt 0:00:10]} 6. c3 {[%emt 0:00:28]} Be7 {[%emt 0:00:23]} 7. h3 {[%emt 0:00:39]} O-O {[%emt 0:00:23]} 8. Bd3 {[%emt 0:00:32]} b6 {[%emt 0:02:42]} 9. Qe2 {[%emt 0:02:20]} Bb7 {[%emt 0:00:06]} 10. Rd1 {[%emt 0:01:54]} Bd6 {[%emt 0:08:34]} 11. Bxd6 {[%emt 0:18:35]} Qxd6 {[%emt 0:00:37]} 12. e4 {[%emt 0:01:33]} dxe4 {[%emt 0:05:41]} 13. Nxe4 {[%emt 0:01:22]} Nxe4 {[%emt 0:04:15]} 14. Bxe4 {[%emt 0:01:11]} Qe7 {[%emt 0:15:37]} 15. dxc5 {[%emt 0:03:21]} Qxc5 {[%emt 0:03:30]} 16. Rd7 {[%emt 0:07:52]} Rab8 {[%emt 0:03:06]} 17. O-O {[%emt 0:01:49]} a5 {[%emt 0:12:24]} 18. Rfd1 {[%emt 0:02:50]} Bc8 {[%emt 0:02:20]} 19. Bxc6 {[%emt 0:17:06]} Qxc6 {[%emt 0:00:19]} 20. Ne5 {[%emt 0:00:14]} Qc5 {[%emt 0:05:55]} 21. Rd8 {[%emt 0:10:10]} g6 {[%emt 0:08:49]} 22. R1d4 {[%emt 0:05:19]} Ba6 {[%emt 0:08:27]} 23. Rxf8+ {[%emt 0:03:06]} Rxf8 {[%emt 0:00:24]} 24. Qe3 {[%emt 0:00:38]} Bb5 {[%emt 0:03:37]} 25. a4 {[%emt 0:06:44]} Be8 {[%emt 0:01:45]} 26. b4 {[%emt 0:01:00]} Qc7 {[%emt 0:01:41]} 27. Ng4 {[%emt 0:01:13]} Qe7 {[%emt 0:03:01]} 28. b5 {[%emt 0:01:54]} f6 {[%emt 0:03:17]} 29. Qd3 {[%emt 0:02:14]} e5 {[%emt 0:01:44]} 30. Rd6 {[%emt 0:00:20]} f5 {[%emt 0:00:09]} 31. Qd5+ {[%emt 0:00:45]} Bf7 {[%emt 0:00:23]} 32. Nh6+ {[%emt 0:00:05]} Kg7 {[%emt 0:00:49]} 33. Nxf7 {[%emt 0:00:17]} Rxf7 {[%emt 0:00:02]} 34. Re6 {[%emt 0:00:58]} Qg5 {[%emt 0:00:36]} 35. Qxe5+ {[%emt 0:00:18]} Kh6 {[%emt 0:00:48]} 36. Rxb6 {[%emt 0:03:36]} Re7 {[%emt 0:00:22]} 37. Re6 {[%emt 0:00:19]} Rxe6 {[%emt 0:00:06]} 38. Qxe6 {[%emt 0:00:04]} Qc1+ {[%emt 0:00:03]} 1/2-1/2

[Event "9th Amsterdam Science Park A 2019"]
[Site "Amsterdam"]
[Date "2019.07.10"]
[Round "5.11"]
[White "Luberti, W.."]
[Black "Wunnink, Michael"]
[Result "0-1"]
[WhiteElo "2201"]
[BlackElo "2214"]
[Annotator "NA"]
[PlyCount "82"]
[EventDate "2019.07.06"]
[EventType "swiss"]
[EventCountry "NED"]
[SourceTitle "playchess.com"]
[Source "ChessBase"]
[SourceQuality "1"]
[TimeControl "40/5400+30:1800+30"]

1. g3 {[%emt 0:00:00]} d5 {[%emt 0:00:00]} 2. Bg2 {[%emt 0:00:00]} Nf6 {[%emt 0:00:46]} 3. f4 {[%emt 0:00:18]} e6 {[%emt 0:00:28]} 4. Nf3 {[%emt 0:00:10]} Be7 {[%emt 0:00:13]} 5. O-O {[%emt 0:00:22]} O-O {[%emt 0:00:06]} 6. d3 {[%emt 0:00:25]} b5 {[%emt 0:00:33]} 7. a4 {[%emt 0:06:57]} b4 {[%emt 0:00:46]} 8. c4 {[%emt 0:01:13]} bxc3 {[%emt 0:13:57]} 9. Nxc3 {[%emt 0:08:09]} Nc6 {[%emt 0:04:13]} 10. Ne5 {[%emt 0:07:49]} Nb4 {[%emt 0:13:05]} 11. Bd2 {[%emt 0:07:50]} Bb7 {[%emt 0:04:52]} 12. a5 {[%emt 0:04:07]} a6 {[%emt 0:12:30]} 13. Qa4 {[%emt 0:01:56]} Rb8 {[%emt 0:15:39]} 14. Rfc1 {[%emt 0:07:20]} c5 {[%emt 0:07:14]} 15. Nd1 {[%emt 0:07:25]} Ba8 {[%emt 0:01:19]} 16. Nf2 {[%emt 0:02:38]} Rb5 {[%emt 0:00:39]} 17. d4 {[%emt 0:09:39]} Nc6 {[%emt 0:01:46]} 18. Nxc6 {[%emt 0:03:59]} Bxc6 {[%emt 0:00:05]} 19. Bc3 {[%emt 0:00:16]} c4 {[%emt 0:01:28]} 20. g4 {[%emt 0:02:02]} Qc7 {[%emt 0:00:24]} 21. e3 {[%emt 0:03:07]} Rxb2 22. Qd1 {[%emt 0:00:07]} Rb3 {[%emt 0:00:38]} 23. g5 {[%emt 0:00:21]} Ne8 {[%emt 0:01:18]} 24. Qg4 {[%emt 0:02:08]} Nd6 {[%emt 0:00:45]} 25. h4 {[%emt 0:03:24]} Nb5 {[%emt 0:01:35]} 26. Nd1 {[%emt 0:02:01]} Ba3 {[%emt 0:00:52]} 27. Rxa3 {[%emt 0:04:56]} Nxa3 {[%emt 0:00:15]} 28. h5 {[%emt 0:02:17]} Rfb8 {[%emt 0:02:41]} 29. g6 {[%emt 0:00:20]} Rb1 {[%emt 0:01:51]} 30. Bd2 {[%emt 0:02:09]} Rxc1 {[%emt 0:08:50]} 31. gxh7+ {[%emt 0:00:20]} Kxh7 {[%emt 0:00:25]} 32. Bxc1 {[%emt 0:00:07]} Qxa5 {[%emt 0:00:37]} 33. f5 {[%emt 0:01:12]} Bd7 {[%emt 0:00:50]} 34. e4 {[%emt 0:00:21]} Rb1 {[%emt 0:00:39]} 35. h6 {[%emt 0:00:33]} g6 {[%emt 0:01:29]} 36. fxg6+ {[%emt 0:02:38]} fxg6 {[%emt 0:00:09]} 37. Qh4 {[%emt 0:05:20]} Rxc1 {[%emt 0:01:11]} 38. Qe7+ {[%emt 0:02:01]} Kxh6 {[%emt 0:00:05]} 39. Qf8+ {[%emt 0:00:08]} Kg5 {[%emt 0:01:29]} 40. Qe7+ {[%emt 0:00:07]} Kg4 {[%emt 0:02:18]} 41. Kh2 Qd2 {[%emt 0:05:20]} 0-1

[Event "9th Amsterdam Science Park A 2019"]
[Site "Amsterdam"]
[Date "2019.07.10"]
[Round "5.12"]
[White "De Rover, Yong Hoon"]
[Black "Cornelisse, Ticho"]
[Result "1-0"]
[WhiteElo "2391"]
[BlackElo "2067"]
[Annotator "NA"]
[PlyCount "71"]
[EventDate "2019.07.06"]
[EventType "swiss"]
[EventCountry "NED"]
[SourceTitle "playchess.com"]
[Source "ChessBase"]
[SourceQuality "1"]
[TimeControl "40/5400+30:1800+30"]

1. Nf3 {[%emt 0:00:00]} g6 {[%emt 0:00:00]} 2. d4 {[%emt 0:00:43]} Nf6 {[%emt 0:00:07]} 3. c4 {[%emt 0:00:29]} Bg7 {[%emt 0:00:06]} 4. g3 {[%emt 0:00:10]} O-O {[%emt 0:00:52]} 5. Bg2 {[%emt 0:00:07]} c5 {[%emt 0:01:28]} 6. O-O {[%emt 0:00:46]} cxd4 {[%emt 0:06:12]} 7. Nxd4 {[%emt 0:00:10]} Nc6 {[%emt 0:00:14]} 8. Nc3 {[%emt 0:00:11]} Nxd4 {[%emt 0:12:50]} 9. Qxd4 {[%emt 0:00:09]} d6 {[%emt 0:00:12]} 10. Qd3 {[%emt 0:00:30]} Rb8 {[%emt 0:03:28]} 11. Be3 {[%emt 0:00:27]} b6 {[%emt 0:00:22]} 12. Bd4 {[%emt 0:03:20]} Bd7 {[%emt 0:15:57]} 13. Rfd1 {[%emt 0:03:00]} Qe8 {[%emt 0:02:12]} 14. b3 {[%emt 0:07:43]} Bc6 {[%emt 0:02:08]} 15. e4 {[%emt 0:05:06]} a6 {[%emt 0:03:59]} 16. Rac1 {[%emt 0:04:47]} Qd7 {[%emt 0:09:23]} 17. Qe2 {[%emt 0:03:27]} Qb7 {[%emt 0:00:49]} 18. Nd5 {[%emt 0:13:03]} Bxd5 {[%emt 0:04:30]} 19. cxd5 {[%emt 0:00:08]} b5 {[%emt 0:02:56]} 20. Qb2 {[%emt 0:02:24]} Rfc8 {[%emt 0:03:26]} 21. Bh3 {[%emt 0:01:32]} Rxc1 {[%emt 0:00:34]} 22. Rxc1 {[%emt 0:00:08]} Ne8 {[%emt 0:00:08]} 23. Rc6 {[%emt 0:00:39]} e6 {[%emt 0:02:41]} 24. Bxg7 {[%emt 0:02:43]} exd5 {[%emt 0:00:18]} 25. exd5 {[%emt 0:01:47]} Nxg7 {[%emt 0:00:23]} 26. Rxd6 {[%emt 0:02:38]} Qe7 {[%emt 0:03:42]} 27. Rxa6 {[%emt 0:16:45]} Qe1+ {[%emt 0:00:37]} 28. Bf1 {[%emt 0:00:07]} Nf5 {[%emt 0:00:19]} 29. Qe2 {[%emt 0:03:43]} Qa1 {[%emt 0:00:30]} 30. Qd3 {[%emt 0:00:15]} Nd4 {[%emt 0:06:17]} 31. d6 {[%emt 0:06:08]} Rd8 {[%emt 0:01:02]} 32. Kg2 {[%emt 0:01:31]} Qb2 {[%emt 0:00:32]} 33. Qe4 {[%emt 0:01:07]} Qd2 {[%emt 0:01:42]} 34. Ra8 {[%emt 0:00:55]} Rxa8 {[%emt 0:00:07]} 35. Qxa8+ {[%emt 0:00:08]} Kg7 {[%emt 0:00:01]} 36. Qd5 1-0

[Event "9th Amsterdam Science Park A 2019"]
[Site "Amsterdam"]
[Date "2019.07.11"]
[Round "6.1"]
[White "Meshkovs, Nikita"]
[Black "Ulybin, Mikhail"]
[Result "0-1"]
[WhiteElo "2550"]
[BlackElo "2469"]
[Annotator "RC"]
[PlyCount "80"]
[EventDate "2019.07.06"]
[EventType "swiss"]
[EventCountry "NED"]
[TimeControl "40/5400+30:1800+30"]

1. Nf3 {[%emt 0:00:00]} Nf6 {[%emt 0:10:20]} 2. c4 {[%emt 0:00:02]} c5 {[%emt 0:01:02]} 3. d4 {[%emt 0:01:11]} cxd4 {[%emt 0:06:07]} 4. Nxd4 {[%emt 0:00:14]} d5 {[%emt 0:03:58]} 5. cxd5 {[%emt 0:12:34]} Nxd5 {[%emt 0:01:05]} 6. e4 {[%emt 0:00:33]} Nf6 {[%emt 0:04:13]} 7. Nc3 {[%emt 0:00:41]} e5 {[%emt 0:02:45]} 8. Ndb5 {[%emt 0:00:24]} a6 {[%emt 0:08:46]} 9. Qxd8+ {[%emt 0:01:39]} Kxd8 {[%emt 0:00:06]} 10. Na3 {[%emt 0:00:18]} Be6 {[%emt 0:11:09]} 11. Nc4 {[%emt 0:10:38]} Nbd7 {[%emt 0:03:03]} 12. Bg5 {[%emt 0:10:17]} Rc8 {[%emt 0:16:26]} 13. Bxf6+ {[%emt 0:13:01]} gxf6 {[%emt 0:02:29]} 14. Nd5 {[%emt 0:08:42]} f5 {[%emt 0:02:10]} 15. Rd1 {[%emt 0:06:10]} fxe4 {[%emt 0:07:40]} 16. a3 {[%emt 0:00:34]} Bc5 {[%emt 0:02:58]} 17. Nf6 {[%emt 0:03:23]} Bd4 {[%emt 0:01:40]} 18. Nxd7 {[%emt 0:00:49]} Bxd7 {[%emt 0:01:13]} 19. Nd6 {[%emt 0:12:28]} Rc2 {[%emt 0:00:47]} 20. Rd2 {[%emt 0:00:11]} Rc1+ {[%emt 0:01:49]} 21. Rd1 {[%emt 0:00:02]} Rc2 {[%emt 0:04:24]} 22. Rd2 {[%emt 0:00:05]} Rc1+ {[%emt 0:00:34]} 23. Rd1 {[%emt 0:00:01]} Rxd1+ {[%emt 0:00:59]} 24. Kxd1 {[%emt 0:00:04]} Ke7 {[%emt 0:01:14]} 25. Nxe4 {[%emt 0:00:11]} Bxb2 {[%emt 0:02:07]} 26. Nc5 {[%emt 0:00:02]} Bc6 {[%emt 0:00:52]} 27. Nd3 {[%emt 0:00:01]} Rd8 {[%emt 0:01:04]} 28. Kc2 {[%emt 0:01:21]} Bxa3 {[%emt 0:00:42]} 29. Nxe5 {[%emt 0:00:02]} Ba4+ {[%emt 0:00:45]} 30. Kc3 {[%emt 0:00:02]} Rd1 {[%emt 0:01:01]} 31. g3 {[%emt 0:04:24]} Rc1+ {[%emt 0:01:02]} 32. Kd2 {[%emt 0:01:12]} Rc2+ {[%emt 0:00:34]} 33. Kd3 {[%emt 0:00:32]} Rxf2 {[%emt 0:00:26]} 34. Nc4 {[%emt 0:01:04]} Bc5 {[%emt 0:00:38]} 35. Bh3 {[%emt 0:00:35]} Bb5 {[%emt 0:00:25]} 36. Re1+ {[%emt 0:01:22]} Kf8 {[%emt 0:00:20]} 37. Bc8 {[%emt 0:00:01]} Rxh2 {[%emt 0:00:51]} 38. Bxb7 {[%emt 0:02:06]} Rh3 {[%emt 0:00:16]} 39. Re5 {[%emt 0:00:01]} Rxg3+ {[%emt 0:00:19]} 40. Kc2 {[%emt 0:01:16]} Bd4 {[%emt 0:00:28]} 0-1

[Event "9th Amsterdam Science Park A 2019"]
[Site "Amsterdam"]
[Date "2019.07.11"]
[Round "6.2"]
[White "Gleizerov, Evgeny"]
[Black "Ten Hertog, Hugo"]
[Result "0-1"]
[WhiteElo "2498"]
[BlackElo "2484"]
[Annotator "TA"]
[PlyCount "72"]
[EventDate "2019.07.06"]
[EventType "swiss"]
[EventCountry "NED"]
[SourceTitle "playchess.com"]
[Source "ChessBase"]
[SourceQuality "1"]

{[%evp 9,72,20,18,-12,16,0,9,14,14,0,19,22,38,-14,-11,-26,-20,-20,-26,-31,0,4,0,0,0,-41,0,0,0,0,0,0,29,28,42,81,187,186,99,179,189,62,56,0,154,0,0,5,0,0,0,0,40,-345,-160,-150,-148,-125,-122,-231,-214,-173,-98,-29984,-29977]} 1. d4 d5 2. c4 e6 3. Nf3 Nf6 4. g3 Be7 5. Bg2 O-O 6. Qb3 {E06: Closed Catalan: Early deviations} (6. O-O dxc4 7. Qc2 b5 8. a4 b4 9. Nfd2 c6 10. Nxc4 Qxd4 11. Rd1 Qc5 12. Be3 Qh5 13. Nbd2 Ng4 14. Nf3 Nxe3 15. Nxe3 a5 {1-0 (54) Grischuk,A (2772)-Nakamura,H (2761) Moscow 2019}) 6... a5 7. O-O $146 ({Predecessor:} 7. Nc3 a4 8. Nxa4 dxc4 9. Qc2 Nc6 10. Nc5 Nxd4 11. Nxd4 Qxd4 {1-0 (41) Nasybullina,A (1952)-Kurmanaliev,K Kustanay 2011}) 7... a4 8. Qc2 {The position is equal.} Nc6 9. Bf4 b6 10. a3 Bb7 11. Nc3 ({White should play} 11. cxd5 $14 Nxd5 12. Bd2) 11... dxc4 $11 12. Rad1 Nd5 13. Nxa4 Nxf4 14. gxf4 Ra5 15. Nc3 Bd6 16. Ne5 Qh4 17. Ne4 Qxf4 {Threatens to win with ...Nxd4!} (17... Nxe5 $6 18. dxe5 Be7 19. Qxc4 $14) 18. e3 $1 $36 {[%cal Re3f4][%mdl 2048] White has good play.} Qh4 19. Nxd6 cxd6 20. Nxc6 Rh5 {[%csl Gh5][%cal Rh4h2]} 21. Rfe1 Rc8 22. d5 exd5 (22... Qxh2+ $16 23. Kf1 Ba6) 23. Nd4 $18 Qxh2+ 24. Kf1 {And now Nf3 would win.} Rg5 25. f4 (25. Bf3 $1 $18) 25... Rg3 $14 {...Ba6 is the strong threat.} 26. Re2 (26. Qe2 $14 c3 27. Nf3) 26... Re8 $2 ({Black should try} 26... g6 $1 $11) 27. Nf5 (27. Nf3 Qh5 $11) (27. Qa4 $1 $16 {[%cal Ra4e8]} Kf8 28. Qd7 {[%mdl 64] Double Attack}) 27... Rg6 $1 $11 28. Qa4 {[%cal Ra4e8]} Kf8 $1 {White must now prevent ...c3!} 29. Nd4 Bc8 30. Nf3 Qh5 {Strongly threatening ...Rxg2!} 31. Rf2 $2 {[%mdl 8192]} (31. Qc6 $14 Bh3 32. Qxd5 Bxg2+ 33. Rxg2 Qxd5 34. Rxd5) 31... Bh3 ({Inferior is} 31... Rxe3 32. Qa8 $14) ({Don't take} 31... Rxg2 32. Kxg2 Qh3+ 33. Kg1 $19) (31... d4 $19 {has better winning chances.} 32. exd4 (32. Nxd4 $2 Bd7 $19 {[%mdl 64] Back Rank}) 32... Rxg2 $1 {[%mdl 512]} 33. Kxg2 Qh3+ 34. Kg1 Qg3+ {[%mdl 64] Double Attack} 35. Rg2 Qxf3) 32. Bxh3 $17 Qxh3+ 33. Ke2 Rge6 {[%cal Bg6e6,Be6e3,Be3e1][%mdl 32]} 34. Kd2 (34. Rdf1 $17 {was the only chance.}) 34... Rxe3 $19 35. Rdf1 Qf5 (35... Qe6 $19 {aiming for ...Re2+.} 36. Kc1 {[#]} d4 $1 {[%mdl 512]}) 36. Ne1 $2 {[%mdl 8192] [#]} (36. Kc1 $17) 36... Rxe1 $1 {[%mdl 512] Accuracy: White = 37%, Black = 40%.} 0-1

[Event "9th Amsterdam Science Park A 2019"]
[Site "Amsterdam"]
[Date "2019.07.11"]
[Round "6.3"]
[White "Zwirs, Nico"]
[Black "Van der Lende, Ilias"]
[Result "1/2-1/2"]
[WhiteElo "2380"]
[BlackElo "2350"]
[Annotator "NA"]
[PlyCount "58"]
[EventDate "2019.07.06"]
[EventType "swiss"]
[EventCountry "NED"]
[SourceTitle "playchess.com"]
[Source "ChessBase"]
[SourceQuality "1"]
[TimeControl "40/5400+30:1800+30"]

1. e4 {[%emt 0:00:45]} e6 {[%emt 0:00:00]} 2. d4 {[%emt 0:00:09]} d5 {[%emt 0:00:00]} 3. Nc3 {[%emt 0:00:21]} Bb4 {[%emt 0:00:00]} 4. e5 {[%emt 0:00:11]} Qd7 {[%emt 0:00:36]} 5. Qg4 {[%emt 0:01:55]} f5 {[%emt 0:00:10]} 6. Qg3 {[%emt 0:03:40]} b6 {[%emt 0:04:18]} 7. Bd2 {[%emt 0:13:46]} Ba6 {[%emt 0:01:48]} 8. Nge2 {[%emt 0:12:32]} Nc6 {[%emt 0:14:32]} 9. a3 {[%emt 0:00:48]} Bxc3 {[%emt 0:02:46]} 10. Bxc3 {[%emt 0:02:12]} Nh6 {[%emt 0:04:30]} 11. Bd2 {[%emt 0:26:40]} Bxe2 {[%emt 0:05:11]} 12. Bxe2 {[%emt 0:00:05]} Nxd4 {[%emt 0:00:05]} 13. Bxh6 {[%emt 0:13:19]} gxh6 {[%emt 0:05:30]} 14. Bh5+ {[%emt 0:00:55]} Kf8 {[%emt 0:00:11]} 15. O-O-O {[%emt 0:00:49]} c5 {[%emt 0:01:05]} 16. Qf4 {[%emt 0:02:20]} Qg7 {[%emt 0:01:55]} 17. h4 {[%emt 0:02:17]} Ke7 {[%emt 0:12:05]} 18. Rh3 {[%emt 0:03:10]} Qg6 {[%emt 0:01:39]} 19. Bf3 {[%emt 0:02:27]} Nxf3 {[%emt 0:00:40]} 20. gxf3 {[%emt 0:00:11]} Rhg8 {[%emt 0:10:23]} 21. Rg3 {[%emt 0:00:08]} Qf7 {[%emt 0:00:44]} 22. Rdg1 {[%emt 0:03:25]} Rxg3 {[%emt 0:05:48]} 23. Rxg3 {[%emt 0:00:10]} Rg8 {[%emt 0:00:28]} 24. Qxh6 {[%emt 0:00:33]} Rg6 {[%emt 0:04:02]} 25. Qf4 {[%emt 0:00:27]} a5 {[%emt 0:00:05]} 26. b4 {[%emt 0:02:14]} axb4 {[%emt 0:03:56]} 27. axb4 {[%emt 0:00:01]} Qe8 {[%emt 0:00:12]} 28. bxc5 {[%emt 0:03:41]} bxc5 {[%emt 0:00:05]} 29. Qe3 {[%emt 0:00:07]} Qb5 {[%emt 0:13:47]} 1/2-1/2

[Event "9th Amsterdam Science Park A 2019"]
[Site "Amsterdam"]
[Date "2019.07.11"]
[Round "6.4"]
[White "Arnaudov, G. Petar"]
[Black "Tirelli, Mauro"]
[Result "1-0"]
[WhiteElo "2478"]
[BlackElo "2247"]
[Annotator "ChessBase"]
[PlyCount "45"]
[EventDate "2019.07.06"]
[EventType "swiss"]
[EventCountry "NED"]
[SourceTitle "playchess.com"]
[Source "ChessBase"]
[SourceQuality "1"]
[TimeControl "40/5400+30:1800+30"]

1. Nf3 {[%emt 0:00:00]} c5 {[%emt 0:11:42]} 2. c4 {[%emt 0:00:40]} Nc6 {[%emt 0:03:35]} 3. Nc3 {[%emt 0:00:22]} Nf6 {[%emt 0:01:01]} 4. e3 {[%emt 0:00:23]} e6 {[%emt 0:04:09]} 5. d4 {[%emt 0:00:37]} d5 {[%emt 0:00:21]} 6. cxd5 {[%emt 0:00:14]} exd5 {[%emt 0:00:51]} 7. Bb5 {[%emt 0:00:05]} Bd6 {[%emt 0:01:54]} 8. dxc5 {[%emt 0:00:14]} Bxc5 {[%emt 0:00:05]} 9. O-O {[%emt 0:00:09]} O-O {[%emt 0:00:08]} 10. b3 {[%emt 0:00:03]} Bg4 {[%emt 0:01:34]} 11. Bb2 {[%emt 0:00:22]} Rc8 {[%emt 0:14:57]} 12. Rc1 {[%emt 0:03:02]} Bd6 {[%emt 0:01:09]} 13. Ne2 {[%emt 0:04:53]} Ne4 {[%emt 0:09:54]} 14. Ng3 {[%emt 0:04:37]} Re8 {[%emt 0:05:19]} 15. Be2 {[%emt 0:10:23]} Bb8 {[%emt 0:26:31]} 16. Nd4 {[%emt 0:02:36]} Be6 {[%emt 0:02:37]} 17. Nxc6 {[%emt 0:01:01]} bxc6 {[%emt 0:01:21]} 18. Ba6 {[%emt 0:02:14]} Rc7 {[%emt 0:02:34]} 19. Be5 {[%emt 0:00:49]} Nd6 {[%emt 0:00:36]} 20. Qd4 {[%emt 0:02:02]} f6 {[%emt 0:00:45]} 21. Bf4 {[%emt 0:00:08]} Bc8 {[%emt 0:01:21]} 22. Bxc8 {[%emt 0:00:42]} Rxc8 {[%emt 0:00:07]} 23. Rxc6 {[%emt 0:00:46]} 1-0